00387nam a2200121Ia 45000010005000000080041000050820032000461000059000782450055001372600030001929010028002229990015002501789241024s9999 xx 000 0 und d aRD/972.9304/R426s/1857-1858 aRepública Dominicana. Congreso Constituyente de Moca 0aSoberano Congreso Constituyente de Moca. 1857-1858 bEd. El Nuevo Diarioc1944 a27/9/2011 10:03:04 a.m. c7569d7569